Central Library OPAC University of Rajshahi

পরার্থপরতার অর্থনীতি / (Record no. 39772)

MARC details
000 -LEADER
fixed length control field 00966nam a2200241 a 4500
001 - CONTROL NUMBER
control field 39772
003 - CONTROL NUMBER IDENTIFIER
rucl marc code BD-RjUL
005 - DATE AND TIME OF LATEST TRANSACTION
control field 20211209053044.0
008 - FIXED-LENGTH DATA ELEMENTS--GENERAL INFORMATION
fixed length control field 160418r20132000 ||||e |||| 001 0 d
020 ## - INTERNATIONAL STANDARD BOOK NUMBER
International Standard Book Number 9789848815311
Terms of availability : TK.300.00
035 ## - SYSTEM CONTROL NUMBER
System control number (BD-RjUL)39885
040 ## - CATALOGING SOURCE
Original cataloging agency BD-RjUL
Language of cataloging ben
Transcribing agency BD-RjUL
041 ## - LANGUAGE CODE
Language code of text/sound track or separate title ben
082 ## - DEWEY DECIMAL CLASSIFICATION NUMBER
Edition number 23
Author mark and year KHP 2013
Classification number 330
100 ## - MAIN ENTRY--PERSONAL NAME
Personal name খান, আকবর আলি
9 (RLIN) 122533
245 10 - TITLE STATEMENT
Title পরার্থপরতার অর্থনীতি /
Statement of responsibility, etc. আকবর আলি খান
260 ## - PUBLICATION, DISTRIBUTION, ETC. (IMPRINT)
Place of publication, distribution, etc. ঢাকা :
Name of publisher, distributor, etc. দি ইউনিভার্সিটি প্রেস লিমিটেড,
Date of publication, distribution, etc. ২০০০ [মুদ্রণ ২০১৩]
300 ## - PHYSICAL DESCRIPTION
Pagination xi, ২০৮ পৃ. ;
Size ২২ সেমি
504 ## - BIBLIOGRAPHY, ETC. NOTE
Bibliography, etc নির্ঘণ্ট সংযুক্ত
651 ## - SUBJECT ADDED ENTRY--GEOGRAPHIC NAME
Geographic name বাংলাদেশ
General subdivision অর্থনৈতিক নীতি
9 (RLIN) 220599
Geographic name Bangladesh
General subdivision Economic policy.
9 (RLIN) 220600
942 ## - ADDED ENTRY ELEMENTS (KOHA)
Source of classification or shelving scheme Dewey Decimal Classification
Koha item type Books
Holdings
Lost status Source of classification or shelving scheme Damaged status Not for loan Collection code Permanent Location Current Location Shelving location Date acquired Source of acquisition Cost, normal purchase price Total Checkouts Full call number Date last seen Copy number Koha item type Total Renewals Checked out Date checked out
  Dewey Decimal Classification   Not For Loan Non-fiction Central Library, University of Rajshahi Central Library, University of Rajshahi Reading Room 26/12/2013 Prothoma Prokashon, Dhaka 300.00   B 330 KHP 2013 18/04/2016 C-1 Books      
  Dewey Decimal Classification     Non-fiction Central Library, University of Rajshahi Central Library, University of Rajshahi   30/03/2017 Biddashagor, Rajshahi 300.00 11 B 330 KHP 2016 21/05/2026 C-2 Books 1 08/06/2026 21/05/2026
  Dewey Decimal Classification     Non-fiction Central Library, University of Rajshahi Central Library, University of Rajshahi   30/03/2017 Biddashagor, Rajshahi 300.00 10 B 330 KHP 2016 07/05/2026 C-3 Books   08/06/2026 07/05/2026
  Dewey Decimal Classification     Non-fiction Central Library, University of Rajshahi Central Library, University of Rajshahi   30/03/2017 Biddashagor, Rajshahi 300.00 11 B 330 KHP 2016 06/11/2025 C-4 Books     22/10/2025